<?xml version="1.0" encoding="UTF-8"?>
<marc:record xmlns:marc="http://www.loc.gov/MARC21/slim">
   <marc:leader>00000nam a2200000 a 4500</marc:leader>
   <marc:datafield ind1="0" ind2="0" tag="245">
      <marc:subfield code="a">Druiden Walzer</marc:subfield>
   </marc:datafield>
   <marc:datafield ind1="0" ind2="0" tag="245">
      <marc:subfield code="b">Sagenhafter Kartentanz für 2 Spieler ab 12 Jahren, ca.30 - 40 Min.</marc:subfield>
   </marc:datafield>
   <marc:datafield ind1=" " ind2="1" tag="264">
      <marc:subfield code="a">Stuttgart</marc:subfield>
      <marc:subfield code="b">Kosmos Verlag</marc:subfield>
      <marc:subfield code="c">0</marc:subfield>
   </marc:datafield>
   <marc:datafield ind1="1" ind2=" " tag="520">
      <marc:subfield code="a">Auf Merlins Spuren schlüpfen beide Spieler in die Gewänder ehrwürdiger Oberdruiden. Der eine in das</marc:subfield>
   </marc:datafield>
   <marc:datafield ind1=" " ind2=" " tag="500">
      <marc:subfield code="a">8 Baumtafeln ( 4 Bäume des Sonnenkults, 4 Bäume des Mondkults ), 2 Kulttafeln ( 1x Sonnenkult, 1x Mondkult ), 6 Druiden ( in 3 Farben, je 2 Figuren ), Bannring, 60 Karten " Baumgeister " ( 30 Karten Sonnenkult, 30 Karten Mondkult ), 40 Kultzeichen ( 20 So</marc:subfield>
   </marc:datafield>
   <marc:datafield ind1="0" ind2=" " tag="490">
      <marc:subfield code="v">0</marc:subfield>
   </marc:datafield>
</marc:record>
